UBT Library

Introductory plant biology / (Record no. 44735)

000 -LEADER
fixed length control field 00791cam a22002654a 4500
001 - CONTROL NUMBER
control field 12747646
005 - DATE AND TIME OF LATEST TRANSACTION
control field 20180312081254.0
008 - FIXED-LENGTH DATA ELEMENTS--GENERAL INFORMATION
fixed length control field 020419s2003 maua b 001 0 eng
010 ## - LIBRARY OF CONGRESS CONTROL NUMBER
LC control number 2002070050
020 ## - INTERNATIONAL STANDARD BOOK NUMBER
International Standard Book Number 0072909412
020 ## - INTERNATIONAL STANDARD BOOK NUMBER
International Standard Book Number 0071199004 (ISE)
035 ## - SYSTEM CONTROL NUMBER
System control number (OCoLC)ocm49672715
040 ## - CATALOGING SOURCE
Original cataloging agency DLC
Transcribing agency DLC
Modifying agency C#P
-- DLC
041 ## - LANGUAGE CODE
Language code of text/sound track or separate title eng
042 ## - AUTHENTICATION CODE
Authentication code pcc
080 ## - UNIVERSAL DECIMAL CLASSIFICATION NUMBER
Universal Decimal Classification number 580 STE
082 00 - DEWEY DECIMAL CLASSIFICATION NUMBER
Classification number 580 STE
Edition number 21
100 1# - Rafti
Rafti 11
101 ## - Shkurtesa
Shkurtesa BIO
245 10 - TITLE STATEMENT
Title Introductory plant biology /
Statement of responsibility, etc Kingsley R. Stern, Shelley Jansky, James E. Bidlack.
504 ## - BIBLIOGRAPHY, ETC. NOTE
Bibliography, etc Includes bibliographical references and index.
906 ## - LOCAL DATA ELEMENT F, LDF (RLIN)
a 7
b cbc
c orignew
d 1
e ocip
f 20
g y-gencatlg
942 ## - ADDED ENTRY ELEMENTS (KOHA)
Source of classification or shelving scheme
Item type Books
Holdings
Withdrawn status Lost status Source of classification or shelving scheme Damaged status Not for loan Collection code Permanent location Current location Shelving location Date acquired Total Checkouts Full call number Barcode Date last seen Price effective from Koha item type
          Koleksioni i përgjithshem UBT - Lipjan UBT - Lipjan Koleksioni i përgjithshem 03/12/2018   580 STE 002-3001553 03/12/2018 03/12/2018 Books
UBT Library © 2015-2024. All rights reserved University Education for Business and Technology